Panzer General

Titel: Panzer General [Medienkombination] / [Produzent: Bret Berry...]
Beteiligt:
Veröffentlicht: [München : Hugendubel]
Format: Mehrteiliges Werk
Sprache: Deutsch
Bände: alle Bände anzeigen
Kein Bild verfügbar
X
alg: 7205156
001A    $03004:27-04-99 
001B    $01999:20-11-16 $t00:45:20.000 
001D    $09999:99-99-99 
001U    $0utf8 
001X    $00 
002@    $0Zcu 
003@    $0072051566 
003O    $0174407179 $aOCoLC 
007A    $0072051566 $aHEB 
007T    $0Herdhh072051566 
010@    $ager 
013H    $0z 
021A    $aPanzer General $h[Produzent: Bret Berry...] $nMedienkombination 
028C    $7 $8Berry, Bret [Tnx] $9167040561 
033A    $p[München $nHugendubel] 

lok: 7205156 24

exp: 7205156 24 1 #EPN
201B/01 $028-04-99 $t00:13:27.007 
203@/01 $0133064018 
208@/01 $a28-04-99 $bdummy 
201U/01 $0utf8 

lok: 7205156 78

exp: 7205156 78 1 #EPN
201B/01 $019-04-17 $t14:03:09.000 
201U/01 $0utf8 
203@/01 $0790821753 
208@/01 $a12-11-16 $be 
244Z/01 $2Trx $#dzieło zbiorowe $8--Trx--Sammelwerk $x01 $9391384597 
247C/01 $82080>Marburg/Lahn, Herder-Institut, Forschungsbibliothek, Bibliographieportal $9336309341
LEADER 00000com a2200000 ca4500
001 072051566
003 DE-603
005 20161120004520.0
007 ou
008 990427s xx |||||||||||||||||ger c
035 |a (DE-599)HEB072051566 
035 |a (OCoLC)174407179 
040 |a DE-603  |b ger  |c DE-603  |d DE-603 
041 |a ger 
245 0 0 |a Panzer General  |h [Medienkombination]  |c [Produzent: Bret Berry...] 
264 1 |a [München  |b Hugendubel] 
700 1 |a Berry, Bret  |0 (DE-603)167040561 
924 0 |9 603  |a (DE-603)133064018  |b DE-603  |c HES  |d d 
924 0 |9 2080  |a (DE-603)790821753  |b DE-2080  |c HES  |d d